| 000 | 01153cam a2200217 4500 | ||
|---|---|---|---|
| 001 | WB3935-05 | ||
| 008 | 030916n2003 000 0 eng u | ||
| 035 | _a(Sirsi) u123607 | ||
| 245 | _aRICS expert witness training | ||
| 260 | _c2003 | ||
| 490 |
_aRICS Dispute Resolution Faculty Legal Update _v 12 September 2003 (1) |
||
| 520 | _aRICS Dispute Resolution Faculty, in conjunction with specialist legal training provider Bond Solon, is offering a series of one day expert witness courses tailored to meet the needs of surveyors. Course details available in pdf format at http://www.rics.org/downloads/events/RICSewt03flyer290703.pdf or by contacting the faculty [email protected] or via the Bond Solon website, http://www.bondsolon.com. http://www.rics.org/ricscms/bin/show?class=Events&template=/includes/showevents.html&id=2877 | ||
| 590 | _aWB | ||
| 650 | _aEXPERT WITNESSES | ||
| 650 | _aSURVEYORS | ||
| 650 | _aMANAGEMENT-DISPUTE AVOIDANCE, MANAGEMENT AND RESOLUTION-DISPUTE MANAGEMENT AND RESOLUTION-ARBITRATION | ||
| 650 | _aINDEPENDENT EXPERTS | ||
| 650 | _aREPORT WRITING | ||
| 690 |
_aDispute resolution _96236 |
||
| 942 | _n0 | ||
| 999 |
_c73405 _d73405 |
||